000 00270nam a22001337a 4500
008 170405b xxu||||| |||| 00| 0 eng d
020 _a080944304X
041 _aeng
080 _a574
100 _a9
101 _aSHM
245 _aVOLCANO
_cMELSON, V
942 _2udc
_cBK
999 _c9775
_d9775